000 00886nam a2200253Ia 4500
003 OSt
005 20220923224728.0
006 a|||||r|||| 00| 0
007 ta
008 220922b |||||||| |||| 00| 0 hin d
024 _a249,258
037 _cTextual
040 _aARTS
_cARTS
_bhin
041 _2hin
_ahin
082 _aO152,1:g(R3), M0
100 _aसैनी, रामकिशन
245 0 _aआधुनिक हिन्दी महाकाव्यों मे पाश्चात्य चिन्तन
246 _aĀdhunik hindī hinākāvyoan me pāshchātya chintana
260 _aजयपुर
_b पंचशील
_c1980
300 _a339पृ.
_ccm.
650 _aहिन्दी साहित्य
_9156264
942 _hO152,1:g(R3), M0
_cTEXL
_2CC
999 _c373228
_d373228